000
00252nam a2200097Ia 4500
005
20251222114402.0
008
251222s1900||||xx |||||||||||||| ||spa||
082
_a
DVD0070/T83/2004
245
0
_a
Los Cuatrocientos Golpes:Les Quatre Cents Coups
942
_c
DVD
999
_c
1688
_d
1688